[Event "GRE ESSPEP-ch"]
[Site "Greece"]
[Date "2008.03.21"]
[Round "1"]
[White "Lili Kokkori, Stavroula"]
[Black "Mantikos, Konstantinos"]
[Result "0-1"]
[WhiteElo "1005"]
[BlackElo "1684"]
[PlyCount "34"]
[EventDate "2008.03.21"]
[EventType "swiss"]
[EventRounds "5"]
[EventCountry "GRE"]
[SourceTitle "EXT 2024"]
[Source "ChessBase"]
[SourceDate "2023.10.10"]
[SourceVersion "1"]
[SourceVersionDate "2023.10.10"]
[SourceQuality "1"]

1. e4 c5 2. Nc3 d6 3. Bc4 Nf6 4. d3 e6 5. Bg5 Be7 6. Nf3 Nc6 7. 0-0 0-0 8. Re1 a6 9. d4 b5 10. Bb3 c4 11. d5 Na5 12. e5 Nxd5 13. Nxd5 exd5 14. Qxd5 Bb7 15. Qd4 Bxg5 16. Nxg5 Qxg5 17. Qc3 Qxg2# 0-1